[Event "EU-ch U14 Girls rapid"]
[Site "Terme Catez"]
[Date "2023.09.29"]
[Round "9"]
[White "Eros, Vivien"]
[Black "Haapsal, Maria Ioanna"]
[Result "1-0"]
[WhiteElo "1540"]
[BlackElo "1482"]
[PlyCount "139"]
[EventDate "2023.09.28"]
[EventType "swiss (rapid)"]
[EventRounds "9"]
[EventCountry "SLO"]
[SourceTitle "EXT 2024"]
[Source "ChessBase"]
[SourceDate "2023.10.10"]
[SourceVersion "1"]
[SourceVersionDate "2023.10.10"]
[SourceQuality "1"]

1. d4 d5 2. Bf4 Nf6 3. e3 e6 4. Nf3 Be7 5. Bd3 b6 6. Nbd2 Bb7 7. c3 Nbd7 8. Ne5 0-0 9. Qe2 c5 10. h4 Ne4 11. Ndf3 f6 12. Nxd7 Qxd7 13. g4 cxd4 14. exd4 Bd6 15. Bxd6 Qxd6 16. Qe3 Rf7 17. 0-0-0 Rc8 18. Kb1 b5 19. Nd2 Nxd2+ 20. Qxd2 Qd7 21. g5 f5 22. h5 Rff8 23. Rde1 Rfe8 24. Re3 Bc6 25. Rhe1 a6 26. Qe2 Kf7 27. g6+ hxg6 28. hxg6+ Kxg6 29. Rg3+ Kf6 30. Qe5+ Ke7 31. Rxg7+ Kd8 32. Rxd7+ Kxd7 33. Rh1 Re7 34. Qf6 Rce8 35. Rh8 Rxh8 36. Qxh8 Re8 37. Qg7+ Re7 38. Qe5 Re8 39. b3 Bb7 40. c4 bxc4 41. bxc4 dxc4 42. Bxc4 Be4+ 43. Kb2 Bb7 44. Qa5 Rb8 45. Bxe6+ Ke7 46. Qc7+ Kxe6 47. Qxb8 Bd5 48. Qb6+ Ke7 49. Qxa6 f4 50. Qa7+ Ke6 51. Qb6+ Kf5 52. Qd6 Ke4 53. Qe5+ Kf3 54. Qxd5+ Kxf2 55. Qe4 f3 56. Qxf3+ Kxf3 57. d5 Ke4 58. d6 Ke5 59. d7 Ke4 60. d8Q Ke5 61. Kc3 Kf5 62. Qd4 Ke6 63. Kc4 Kf7 64. Qe5 Kg6 65. Kd5 Kf7 66. Qe6+ Kf8 67. Qd7 Kg8 68. Ke6 Kh8 69. Kf6 Kg8 70. Qg7# 1-0

[Event "HUN-ch U10/14 Girls"]
[Site "Buek"]
[Date "2023.06.25"]
[Round "9"]
[White "Biro, Beata"]
[Black "Eros, Vivien"]
[Result "1-0"]
[WhiteElo "1684"]
[BlackElo "1728"]
[PlyCount "49"]
[EventDate "2023.06.17"]
[EventType "swiss"]
[EventRounds "9"]
[EventCountry "HUN"]
[SourceTitle "CBM 215 Extra"]
[Source "ChessBase"]
[SourceDate "2023.09.30"]
[SourceVersion "1"]
[SourceVersionDate "2023.09.30"]
[SourceQuality "1"]

1. e4 c5 2. Nc3 a6 3. f4 b5 4. Nf3 Bb7 5. d3 e6 6. g4 d5 7. e5 d4 8. Ne4 c4 9. Bg2 Bxe4 10. dxe4 Nc6 11. 0-0 Bc5 12. Kh1 Qc7 13. Qe2 Rd8 14. f5 d3 15. cxd3 cxd3 16. Qd1 d2 17. Bxd2 Nxe5 18. Nxe5 Qxe5 19. Qc2 Qd6 20. Ba5 Rd7 21. Rad1 Qe7 22. Rxd7 Kxd7 23. Rd1+ Kc8 24. Rd8+ Kb7 25. e5+ 1-0

[Event "HUN-ch U10/14 Girls"]
[Site "Buek"]
[Date "2023.06.20"]
[Round "2"]
[White "Eros, Vivien"]
[Black "Toth, Timea2222"]
[Result "1-0"]
[WhiteElo "1728"]
[BlackElo "1964"]
[PlyCount "61"]
[EventDate "2023.06.17"]
[EventType "swiss"]
[EventRounds "9"]
[EventCountry "HUN"]
[SourceTitle "CBM 215 Extra"]
[Source "ChessBase"]
[SourceDate "2023.09.30"]
[SourceVersion "1"]
[SourceVersionDate "2023.09.30"]
[SourceQuality "1"]

1. d4 Nf6 2. Bf4 g6 3. Nc3 Bg7 4. e4 d6 5. Qd2 0-0 6. 0-0-0 Nc6 7. Bh6 a6 8. h4 e5 9. d5 Nd4 10. f3 Ne8 11. Bxg7 Nxg7 12. g4 f5 13. gxf5 gxf5 14. Qg2 Qf6 15. Bd3 Qg6 16. Qh2 f4 17. Nce2 Nxe2+ 18. Nxe2 h6 19. h5 Qe8 20. Rdg1 Kh7 21. Qg2 Nxh5 22. Rxh5 Rg8 23. Rxh6+ Kxh6 24. Rh1+ Bh3 25. Rxh3+ Qh5 26. Rxh5+ Kxh5 27. Qh2+ Kg6 28. Qh4 Rh8 29. Qg4+ Kh6 30. Qe6+ Kg5 31. Qe7+ 1-0

[Event "HUN-ch U10/14 Girls"]
[Site "Buek"]
[Date "2023.06.20"]
[Round "3"]
[White "Hangyal, Dora"]
[Black "Eros, Vivien"]
[Result "0-1"]
[WhiteElo "1345"]
[BlackElo "1728"]
[PlyCount "132"]
[EventDate "2023.06.17"]
[EventType "swiss"]
[EventRounds "9"]
[EventCountry "HUN"]
[SourceTitle "CBM 215 Extra"]
[Source "ChessBase"]
[SourceDate "2023.09.30"]
[SourceVersion "1"]
[SourceVersionDate "2023.09.30"]
[SourceQuality "1"]

1. c4 e6 2. e4 c5 3. Nc3 Nc6 4. g3 g6 5. Bg2 Bg7 6. Nge2 Nge7 7. 0-0 0-0 8. f4 f5 9. Re1 b6 10. e5 a6 11. a4 Bb7 12. d4 cxd4 13. Nxd4 Qc7 14. Nf3 Rfd8 15. Qe2 Na5 16. c5 bxc5 17. Be3 d5 18. exd6 Rxd6 19. Rac1 Nb3 20. Rc2 Qd7 21. Qc4 Nd4 22. Nxd4 cxd4 23. Bxb7 Qxb7 24. Rd2 Rc6 25. Qa2 dxc3 26. bxc3 Bxc3 27. Rb1 Qc8 28. Re2 Nd5 29. Bf2 Bg7 30. Be1 Rb8 31. Rd1 Nc3 32. Bxc3 Bxc3 33. h4 Bf6 34. Rdd2 Kg7 35. Kh2 Rb7 36. Rc2 Rxc2 37. Rxc2 Qd7 38. Rd2 Qe7 39. Kh3 e5 40. fxe5 Qxe5 41. Re2 Qb8 42. Qe6 Re7 43. Qxa6 Rxe2 44. Qxe2 f4 45. a5 Qc8+ 46. Kh2 fxg3+ 47. Kg2 Qa8+ 48. Qf3 Qxa5 49. Qxg3 Qd2+ 50. Kh3 Qc3 51. Qxc3 Bxc3 52. Kg4 h5+ 53. Kg3 Kf6 54. Kf2 Kf5 55. Kf3 Be1 56. Kg2 Bxh4 57. Kh3 g5 58. Kg2 Kg4 59. Kh2 Bg3+ 60. Kg2 h4 61. Kg1 h3 62. Kh1 Kf3 63. Kg1 g4 64. Kh1 Bf2 65. Kh2 g3+ 66. Kxh3 g2 0-1

[Event "Gyor Amateur op 19th"]
[Site "Gyor"]
[Date "2019.12.29"]
[Round "4"]
[White "Eros, Vivien"]
[Black "Vasvari, Attila"]
[Result "0-1"]
[WhiteElo "1330"]
[BlackElo "1530"]
[PlyCount "74"]
[EventDate "2019.12.28"]
[EventType "swiss"]
[EventRounds "5"]
[EventCountry "HUN"]
[SourceTitle "CBM 195 Extra"]
[Source "ChessBase"]
[SourceDate "2020.05.31"]
[SourceVersion "1"]
[SourceVersionDate "2020.05.31"]
[SourceQuality "1"]

1. d4 d5 2. Nf3 Nf6 3. Bf4 c5 4. e3 Nc6 5. c3 Bg4 6. Nbd2 e6 7. Bd3 c4 8. Bc2 Bd6 9. Bg3 Bxg3 10. hxg3 e5 11. dxe5 Nxe5 12. Qe2 Qb6 13. Rb1 0-0 14. e4 Rfe8 15. Qf1 Nd3+ 16. Bxd3 cxd3 17. e5 Ne4 18. Nxe4 dxe4 19. Ng5 Be2 20. Qg1 Rxe5 21. Rxh7 Rxg5 22. Qh1 Rh5 23. Rxh5 Bxh5 24. Qxh5 e3 25. Qf3 exf2+ 26. Qxf2 Re8+ 27. Kf1 Qa6 28. a3 d2+ 29. Kg1 Qd3 30. Rd1 Re2 31. Qf4 Qe3+ 32. Kh2 Re1 33. Rxe1 dxe1Q 34. Qf5 Qh6+ 35. Qh3 Qxh3+ 36. Kxh3 Qh1+ 37. Kg4 Qxg2 0-1

[Event "EU-ch U10 Girls"]
[Site "Bratislava"]
[Date "2019.08.03"]
[Round "2"]
[White "Dedic, Sajra"]
[Black "Eros, Vivien"]
[Result "0-1"]
[WhiteElo "1126"]
[BlackElo "1343"]
[PlyCount "70"]
[EventDate "2019.08.02"]
[EventType "swiss"]
[EventRounds "9"]
[EventCountry "SVK"]
[SourceTitle "EXT 2020"]
[Source "ChessBase"]
[SourceDate "2019.10.17"]
[SourceVersion "1"]
[SourceVersionDate "2019.10.17"]
[SourceQuality "1"]

1. e4 c5 2. c4 Nc6 3. Nc3 g6 4. g3 Bg7 5. Bg2 Nf6 6. Nge2 0-0 7. d3 d6 8. 0-0 e6 9. h3 Bd7 10. Be3 Rb8 11. Qd2 Ne7 12. a4 Bc6 13. Bh6 d5 14. Bxg7 Kxg7 15. cxd5 exd5 16. e5 Nd7 17. f4 d4 18. Ne4 Nd5 19. Rf3 f6 20. e6 f5 21. Nd6 N7f6 22. Nc4 Nc7 23. Rf2 Bxg2 24. Rxg2 Nxe6 25. b4 b6 26. a5 Nd5 27. axb6 axb6 28. bxc5 bxc5 29. Ra6 Nb6 30. Ra7+ Kg8 31. Ne5 Qd6 32. Kh2 Ra8 33. Rxa8 Rxa8 34. Rg1 Qd5 35. Qb2 Ra2 0-1